Statistics for U.S. Presidents Succeeded by a Republican

Click here to take the quiz!

General Stats

  • This quiz has been taken 36 times
    (26 since last reset)
  • The average score is 15 of 19

Answer Stats

Answer% Correct
Andrew Johnson
91%
Barack Obama
91%
Lyndon B. Johnson
91%
Bill Clinton
87%
Harry Truman
87%
Jimmy Carter
83%
Ronald Reagan
83%
Theodore Roosevelt
83%
Ulysses S. Grant
83%
Woodrow Wilson
83%
Grover Cleveland
78%
Grover Cleveland
78%
James Garfield
78%
Richard Nixon
78%
Calvin Coolidge
74%
James Buchanan
74%
Rutherford B. Hayes
70%
William McKinley
70%
Warren Harding
61%

Score Distribution

Percentile by Number Answered

Percent of People with Each Score

Your Score History

You have not taken this quiz since the last reset